[Event "Nagpur op"]
[Site "Nagpur"]
[Date "2012.10.20"]
[Round "8"]
[White "Kamble, Vikramaditya"]
[Black "Hossain, Enamul"]
[Result "1-0"]
[WhiteElo "2376"]
[BlackElo "2481"]
[PlyCount "55"]
[EventDate "2012.10.16"]
[EventType "swiss"]
[EventRounds "11"]
[EventCountry "IND"]
[SourceTitle "EXT 2013"]
[Source "ChessBase"]
[SourceDate "2012.11.22"]
[SourceVersion "1"]
[SourceVersionDate "2012.11.22"]
[SourceQuality "1"]

1. Nf3 c5 2. c4 Nc6 3. g3 e5 4. Bg2 g6 5. 0-0 Bg7 6. Nc3 Nge7 7. Ne1 d6 8. Nc2 0-0 9. a3 a5 10. Rb1 Be6 11. Ne3 Rb8 12. d3 h6 13. Bd2 Kh7 14. Ned5 b6 15. Nxe7 Nxe7 16. b4 axb4 17. axb4 Qc7 18. Ra1 Nc6 19. bxc5 dxc5 20. Qa4 Nd4 21. Rfb1 Qd8 22. Qd1 Qd7 23. Ra6 b5 24. cxb5 Nxb5 25. Rxb5 Qxb5 26. Nxb5 Rxb5 27. Rxe6 fxe6 28. Be4 1-0

[Event "Nagpur op"]
[Site "Nagpur"]
[Date "2012.10.20"]
[Round "7"]
[White "Kamble, Vikramaditya"]
[Black "Iuldachev, Saidali"]
[Result "0-1"]
[WhiteElo "2376"]
[BlackElo "2458"]
[PlyCount "152"]
[EventDate "2012.10.16"]
[EventType "swiss"]
[EventRounds "11"]
[EventCountry "IND"]
[SourceTitle "EXT 2013"]
[Source "ChessBase"]
[SourceDate "2012.11.22"]
[SourceVersion "1"]
[SourceVersionDate "2012.11.22"]
[SourceQuality "1"]

1. Nf3 Nf6 2. d4 d6 3. Nc3 Bg4 4. e4 c6 5. h3 Bh5 6. Bd3 e6 7. Qe2 d5 8. Bd2 Bb4 9. e5 Nfd7 10. 0-0-0 Qb6 11. g4 Bg6 12. Bxg6 hxg6 13. h4 Qa6 14. Qxa6 Nxa6 15. Ne2 Bxd2+ 16. Kxd2 Ke7 17. h5 gxh5 18. gxh5 c5 19. c3 Rac8 20. Rdg1 Kf8 21. Rh4 cxd4 22. cxd4 Nb4 23. Nc3 a6 24. Rhg4 Rxh5 25. Rxg7 Nb6 26. Rg8+ Ke7 27. Rxc8 Nxc8 28. Rg8 Kd7 29. Ke2 Rf5 30. a3 Nc6 31. Rg4 N8e7 32. b4 b5 33. Ne1 Rh5 34. Nd3 Nf5 35. Nc5+ Ke7 36. Nxa6 Nfxd4+ 37. Kf1 Rh3 38. Rg3 Rxg3 39. fxg3 Kd8 40. Nc5 Nxe5 41. Kf2 Ng4+ 42. Kg1 Kc7 43. a4 bxa4 44. N3xa4 Kc6 45. Nc3 Ne5 46. Na6 Kb6 47. Nc5 Kc6 48. Na6 Nd3 49. Kg2 Nb5 50. Na4 e5 51. Kf3 f5 52. Ke3 e4 53. Nb8+ Kd6 54. Na6 d4+ 55. Kd2 Ne5 56. N6c5 Nc4+ 57. Ke2 Kd5 58. Nd7 d3+ 59. Ke1 e3 60. Ndc5 d2+ 61. Kd1 Kd4 62. Nb3+ Ke4 63. Ke2 Kd5 64. Kd1 Ke5 65. Na5 Ncd6 66. Ke2 Nd4+ 67. Kd1 N6b5 68. Nc4+ Ke4 69. Nc5+ Kf3 70. Nxd2+ Kxg3 71. Nc4 Nc3+ 72. Kc1 f4 73. Nd3 e2 74. Nce5 f3 75. Kd2 Ne4+ 76. Ke1 Nc2# 0-1

[Event "Nagpur op"]
[Site "Nagpur"]
[Date "2012.10.18"]
[Round "5"]
[White "Kamble, Vikramaditya"]
[Black "Vovk, Andrey"]
[Result "1/2-1/2"]
[WhiteElo "2376"]
[BlackElo "2564"]
[PlyCount "87"]
[EventDate "2012.10.16"]
[EventType "swiss"]
[EventRounds "11"]
[EventCountry "IND"]
[SourceTitle "EXT 2013"]
[Source "ChessBase"]
[SourceDate "2012.11.22"]
[SourceVersion "1"]
[SourceVersionDate "2012.11.22"]
[SourceQuality "1"]

1. Nf3 Nf6 2. c4 g6 3. Nc3 Bg7 4. e4 d6 5. d4 0-0 6. h3 e5 7. d5 a5 8. g4 Na6 9. Bd3 Kh8 10. Bg5 Qe8 11. Nd2 Ng8 12. Qe2 Nc5 13. Bc2 f5 14. gxf5 gxf5 15. exf5 Bxf5 16. Bxf5 Rxf5 17. Nde4 Nxe4 18. Nxe4 Bh6 19. h4 Qg6 20. Rg1 Bxg5 21. Rxg5 Qf7 22. 0-0-0 Rf4 23. Rdg1 Rxh4 24. f3 Ne7 25. Kb1 Rg8 26. Rxg8+ Nxg8 27. a3 Ne7 28. Qe1 Ng6 29. Rxg6 Rxe4 30. fxe4 hxg6 31. Ka2 b6 32. Qh4+ Kg7 33. Kb3 Qf6 34. Qh3 g5 35. Ka4 Qf4 36. Qc8 Qf7 37. Kb5 Kh6 38. Kc6 Qg6 39. Qh3+ Qh5 40. Qe6+ Qg6 41. Qh3+ Qh5 42. Qe6+ Qg6 43. Qh3+ Qh5 44. Qe6+ 1/2-1/2

[Event "IND-ch Challengers 50th"]
[Site "Tirupati"]
[Date "2012.05.20"]
[Round "4.7"]
[White "Gusain, Himal"]
[Black "Kamble, Vikramaditya"]
[Result "0-1"]
[WhiteElo "2271"]
[BlackElo "2455"]
[PlyCount "66"]
[EventDate "2012.05.18"]
[EventType "swiss"]
[EventRounds "13"]
[EventCountry "IND"]
[SourceTitle "CBM 148 Extra"]
[Source "ChessBase"]
[SourceDate "2012.06.22"]
[SourceVersion "1"]
[SourceVersionDate "2012.06.22"]
[SourceQuality "1"]

1. e4 e6 2. d4 d5 3. Nc3 Nf6 4. Bg5 Be7 5. e5 Nfd7 6. h4 c5 7. Bxe7 Kxe7 8. Qd2 Nc6 9. dxc5 Ndxe5 10. 0-0-0 Qa5 11. f4 Nd7 12. f5 Qxc5 13. fxe6 fxe6 14. Qg5+ Kf7 15. Bd3 Qe7 16. Nh3 Kg8 17. Qg3 Nf6 18. Rhe1 Bd7 19. Ng5 Re8 20. Bf5 e5 21. Bxd7 Qxd7 22. Nxd5 Nxd5 23. c4 Ncb4 24. cxd5 Qa4 25. Kd2 Qc2+ 26. Ke3 Qxb2 27. Ne6 Nc2+ 28. Ke4 Qb4+ 29. Kxe5 Qe7 30. Qg5 Qc7+ 31. Ke4 Nxe1 32. Rxe1 h6 33. Qg6 Qc2+ 0-1

[Event "IND-chT 32nd"]
[Site "Panaji"]
[Date "2012.03.01"]
[Round "5"]
[White "Karthikeyan, M."]
[Black "Kamble, Vikramaditya"]
[Result "0-1"]
[WhiteElo "2225"]
[BlackElo "2458"]
[PlyCount "154"]
[EventDate "2012.02.27"]
[EventType "team-swiss"]
[EventRounds "9"]
[EventCountry "IND"]
[SourceTitle "CBM 147 Extra"]
[Source "ChessBase"]
[SourceDate "2012.04.24"]
[SourceVersion "1"]
[SourceVersionDate "2012.04.24"]
[SourceQuality "1"]
[WhiteTeam "Bloom Chess"]
[BlackTeam "Railway Sports"]
[WhiteTeamCountry "IND"]
[BlackTeamCountry "IND"]

1. e4 e6 2. d4 d5 3. Nd2 Nc6 4. Ngf3 Nf6 5. e5 Nd7 6. Be2 Be7 7. Nf1 f6 8. exf6 Nxf6 9. Ng3 Bd6 10. 0-0 0-0 11. Re1 e5 12. dxe5 Nxe5 13. Bg5 Neg4 14. Bxf6 Nxf6 15. c4 Kh8 16. cxd5 Bb4 17. Rf1 Qxd5 18. Qxd5 Nxd5 19. Bc4 Be6 20. a3 Ba5 21. Ne4 Bg8 22. Rac1 Rf4 23. Nc5 Raf8 24. b4 Bb6 25. Nd7 Rc8 26. Bxd5 Bxd5 27. Nxb6 axb6 28. Rfd1 Rc4 29. Ne5 Rxc1 30. Rxc1 b5 31. Nd7 Rd8 32. Nc5 b6 33. Nd3 Bb3 34. Ne5 c5 35. f4 Rd5 36. Kf2 g6 37. Rc3 c4 38. Nf3 Rd8 39. Ke3 Ra8 40. Nd4 Rxa3 41. Nxb5 Ra4 42. Nd6 Rxb4 43. Kd4 Kg7 44. g4 Ra4 45. Nxc4 Ba2 46. Kd3 b5 47. Nd6 Rxf4 48. Nxb5 Rxg4 49. Ke3 Rg2 50. h3 Be6 51. Kf4 Rh2 52. Nd4 Bxh3 53. Rc7+ Kh6 54. Rc1 Bg2 55. Kg3 Rh1 56. Rc7 Bd5 57. Rd7 Ba2 58. Nf3 Rc1 59. Ne5 Be6 60. Re7 Bc8 61. Ra7 Rc3+ 62. Kf2 Rc5 63. Nf7+ Kh5 64. Nd6 h6 65. Ra8 Bg4 66. Ra1 g5 67. Ne4 Rc6 68. Kg3 Bf5 69. Nf2 Rc3+ 70. Kg2 Bd7 71. Rd1 Bc6+ 72. Kh2 Bf3 73. Rg1 Kh4 74. Rg3 g4 75. Nxg4 Rc2+ 76. Nf2 Rxf2+ 77. Kg1 Rf1+ 0-1

[Event "IND-chA 49th"]
[Site "Aurangabad"]
[Date "2011.10.17"]
[Round "9"]
[White "Kamble, Vikramaditya"]
[Black "Akash, G."]
[Result "0-1"]
[WhiteElo "2449"]
[BlackElo "2239"]
[PlyCount "80"]
[EventDate "2011.10.09"]
[EventType "swiss"]
[EventRounds "13"]
[EventCountry "IND"]
[SourceTitle "CBM 144 Extra"]
[Source "ChessBase"]
[SourceDate "2011.10.28"]
[SourceVersion "1"]
[SourceVersionDate "2011.10.28"]
[SourceQuality "1"]

1. d4 Nf6 2. g3 g6 3. Bg2 Bg7 4. e4 d6 5. Ne2 0-0 6. 0-0 e5 7. h3 Nbd7 8. Be3 c6 9. Nbc3 Re8 10. a4 b6 11. g4 Ba6 12. Re1 Nf8 13. f4 Bxe2 14. Rxe2 Ne6 15. dxe5 dxe5 16. Rd2 Qc7 17. f5 Nd4 18. Nb1 Nd7 19. c3 Nc5 20. Ra3 Rad8 21. cxd4 exd4 22. Bxd4 Bxd4+ 23. Rxd4 Rxd4 24. Qxd4 Rd8 25. Qe3 Rd1+ 26. Bf1 Rxb1 27. e5 Qd8 28. Qf4 Rxb2 29. Rf3 g5 30. Qc1 Rd2 31. Rf2 Rxf2 32. Kxf2 Qd4+ 33. Kg2 Ne4 34. Qe1 Qxe5 35. Bd3 Qb2+ 36. Kf3 Nf6 37. Qe3 h6 38. h4 Qh2 39. hxg5 Qh3+ 40. Ke2 Qxg4+ 0-1

[Event "IND-chA 49th"]
[Site "Aurangabad"]
[Date "2011.10.12"]
[Round "4"]
[White "Venkatesh, Marani Rajendran"]
[Black "Kamble, Vikramaditya"]
[Result "1-0"]
[WhiteElo "2479"]
[BlackElo "2449"]
[PlyCount "49"]
[EventDate "2011.10.09"]
[EventType "swiss"]
[EventRounds "13"]
[EventCountry "IND"]
[SourceTitle "CBM 144 Extra"]
[Source "ChessBase"]
[SourceDate "2011.10.28"]
[SourceVersion "1"]
[SourceVersionDate "2011.10.28"]
[SourceQuality "1"]

1. e4 e6 2. d4 d5 3. Nd2 Nc6 4. Ngf3 Nf6 5. e5 Nd7 6. Bd3 Nb4 7. Be2 c5 8. c3 Nc6 9. 0-0 a5 10. a4 b6 11. Re1 Ba6 12. Bb5 Bxb5 13. axb5 Na7 14. c4 dxc4 15. Nxc4 cxd4 16. Bg5 Qc8 17. Rc1 Qb7 18. Nxd4 Bc5 19. Nd6+ Bxd6 20. exd6 Nc5 21. Rxc5 bxc5 22. Nxe6 fxe6 23. Rxe6+ Kf7 24. Re7+ Qxe7 25. Bxe7 1-0

[Event "IND-chA 49th"]
[Site "Aurangabad"]
[Date "2011.10.09"]
[Round "1"]
[White "Kamble, Vikramaditya"]
[Black "Deshmukh, Anup"]
[Result "1-0"]
[WhiteElo "2449"]
[BlackElo "2312"]
[PlyCount "81"]
[EventDate "2011.10.09"]
[EventType "swiss"]
[EventRounds "13"]
[EventCountry "IND"]
[SourceTitle "CBM 144 Extra"]
[Source "ChessBase"]
[SourceDate "2011.10.28"]
[SourceVersion "1"]
[SourceVersionDate "2011.10.28"]
[SourceQuality "1"]

1. d4 d5 2. c4 c6 3. Nf3 Nf6 4. e3 a6 5. Qc2 g6 6. Nbd2 Bg7 7. Bd3 0-0 8. 0-0 Nbd7 9. Rd1 Qc7 10. Bf1 e5 11. cxd5 exd4 12. e4 Ne8 13. dxc6 bxc6 14. Nb3 c5 15. Bg5 f6 16. Bd2 Bb7 17. Rac1 Rc8 18. Nbxd4 Nd6 19. Bf4 Ne5 20. Ne6 Qe7 21. Nxf8 Kxf8 22. Nxe5 fxe5 23. Be3 c4 24. f3 Nb5 25. Bxc4 Nd4 26. Qd2 h5 27. Bxd4 exd4 28. Qf4+ Ke8 29. Bd5 Be5 30. Qh6 Rxc1 31. Qxg6+ Kd8 32. Qg8+ Kd7 33. Rxc1 Bf4 34. Bxb7 Bxc1 35. Qc8+ Kd6 36. Qc6+ Ke5 37. Qxc1 Qxb7 38. Qc5+ Kf4 39. Qxd4 Qc6 40. g3+ Kg5 41. Qg7+ 1-0

[Event "IND-chB 49th"]
[Site "Aurangabad"]
[Date "2011.06.18"]
[Round "4"]
[White "Saravana, Krishnan P"]
[Black "Kamble, Vikramaditya"]
[Result "0-1"]
[WhiteElo "2300"]
[BlackElo "2406"]
[PlyCount "82"]
[EventDate "2011.06.16"]
[EventType "swiss"]
[EventRounds "13"]
[EventCountry "IND"]
[SourceTitle "CBM 143 Extra"]
[Source "ChessBase"]
[SourceDate "2011.08.29"]
[SourceVersion "1"]
[SourceVersionDate "2011.08.29"]
[SourceQuality "1"]

1. e4 e6 2. d4 d5 3. Nd2 Nc6 4. Ngf3 Nf6 5. e5 Nd7 6. Bd3 Nb4 7. Be2 c5 8. c3 Nc6 9. 0-0 g6 10. dxc5 Nxc5 11. Nb3 Nd7 12. Bg5 Qc7 13. Bf6 Nxf6 14. exf6 Qf4 15. Bb5 Qxf6 16. Na5 a6 17. Ba4 Bd7 18. Nxb7 Rb8 19. Bxc6 Bxc6 20. Na5 Bd7 21. Re1 Be7 22. b4 Qxc3 23. Ne5 Bxb4 24. Re3 Qc7 25. Nb3 0-0 26. Rc1 Qd6 27. Qg4 Ba3 28. Rd1 Bb2 29. f4 Rb4 30. Qe2 Bxe5 31. fxe5 Qb6 32. Kh1 Ba4 33. Rb1 a5 34. Rh3 Bxb3 35. axb3 Re4 36. Qb2 Rc8 37. Rf1 Qd4 38. Qa3 Rf4 39. Rg1 Rc2 40. Rg3 Rf5 41. Ra1 Rcf2 0-1

[Event "IND-chB 49th"]
[Site "Aurangabad"]
[Date "2011.06.17"]
[Round "3"]
[White "Kamble, Vikramaditya"]
[Black "Ghosh, Diptayan"]
[Result "1-0"]
[WhiteElo "2406"]
[BlackElo "2273"]
[PlyCount "153"]
[EventDate "2011.06.16"]
[EventType "swiss"]
[EventRounds "13"]
[EventCountry "IND"]
[SourceTitle "CBM 143 Extra"]
[Source "ChessBase"]
[SourceDate "2011.08.29"]
[SourceVersion "1"]
[SourceVersionDate "2011.08.29"]
[SourceQuality "1"]

1. d4 d5 2. c4 dxc4 3. e4 e5 4. Nf3 exd4 5. Bxc4 Nc6 6. 0-0 Be6 7. Bxe6 fxe6 8. Qb3 Qd7 9. Qxb7 Rb8 10. Qa6 Nf6 11. Nbd2 Bd6 12. b3 0-0 13. Bb2 Bf4 14. Qd3 Rbd8 15. Nc4 e5 16. Ba3 Rfe8 17. g3 Bh6 18. Kg2 Nh5 19. Nh4 Bg5 20. Nf3 Bh6 21. Rad1 Qg4 22. Kh1 Rd7 23. Qe2 d3 24. Rxd3 Nd4 25. Qd1 Qxe4 26. Re1 Ne2 27. Re3 Rxd1 28. Rxe4 Rxe1+ 29. Nxe1 Nc3 30. Rxe5 Rxe5 31. Nxe5 Nxa2 32. N1d3 Bd2 33. Nc6 a5 34. Nde5 Nf6 35. Nc4 Bb4 36. N6xa5 Bxa3 37. Nxa3 Kf7 38. Kg2 Nb4 39. Nb5 Nbd5 40. Kf3 Ke7 41. Nc6+ Kd7 42. Ne5+ Ke6 43. Nd3 Kd7 44. Nd4 g6 45. h4 Kd6 46. Nb5+ Kc6 47. Nd4+ Kd6 48. Ne2 Nd7 49. Ke4 c5 50. f4 N5f6+ 51. Ke3 Nb6 52. Ne5 Nbd5+ 53. Kd3 Nb4+ 54. Kc4 Ne4 55. Nf7+ Kc6 56. Ng5 Nd6+ 57. Kc3 h6 58. Nf3 Ne4+ 59. Kb2 Kd5 60. Nc3+ Nxc3 61. Kxc3 Nc6 62. Kd3 Nb4+ 63. Ke2 Nc6 64. Ke3 Nb4 65. Ne5 g5 66. Nd3 Nc2+ 67. Kd2 Nd4 68. fxg5 hxg5 69. h5 Nf5 70. Nf2 Ke5 71. g4 Nd6 72. Ke3 c4 73. b4 c3 74. Kd3 Kf4 75. h6 Kf3 76. h7 Nf7 77. b5 1-0

[Event "Bhubaneswar op 3rd"]
[Site "Bhubaneswar"]
[Date "2011.06.06"]
[Round "11"]
[White "Kamble, Vikramaditya"]
[Black "Murshed, Niaz"]
[Result "1-0"]
[WhiteElo "2406"]
[BlackElo "2455"]
[PlyCount "86"]
[EventDate "2011.05.28"]
[EventType "swiss"]
[EventRounds "11"]
[EventCountry "IND"]
[SourceTitle "CBM 142 Extra"]
[Source "ChessBase"]
[SourceDate "2011.06.27"]
[SourceVersion "1"]
[SourceVersionDate "2011.06.27"]
[SourceQuality "1"]

1. Nf3 d5 2. d4 Nf6 3. c4 e6 4. Nc3 Bb4 5. cxd5 exd5 6. Bg5 Nbd7 7. Qb3 c5 8. a3 Bxc3+ 9. Qxc3 c4 10. Qe3+ Kf8 11. Nd2 h6 12. Bf4 g5 13. Bg3 Kg7 14. f3 Re8 15. Qc3 b5 16. a4 bxa4 17. Rxa4 Nh5 18. Bf2 Nf4 19. e3 Nb6 20. Ra2 Bf5 21. g4 Nd3+ 22. Bxd3 Bxd3 23. h4 Qd7 24. Nf1 f5 25. Kd2 f4 26. Ra1 Re7 27. hxg5 hxg5 28. Ng3 fxg3 29. Bxg3 Kg6 30. Qa3 Rc8 31. Qb4 Kf7 32. e4 Kg8 33. Be5 Rh7 34. Ke3 dxe4 35. Rxh7 Nd5+ 36. Kf2 e3+ 37. Kg2 Kxh7 38. Qe1 Kg8 39. Ra6 Qh7 40. Qa5 Nb6 41. Rxa7 Ra8 42. Rxa8+ Nxa8 43. Qxa8+ Kf7 1-0

[Event "Bhubaneswar op 3rd"]
[Site "Bhubaneswar"]
[Date "2011.06.03"]
[Round "8"]
[White "Fier, Alexandr"]
[Black "Kamble, Vikramaditya"]
[Result "1/2-1/2"]
[WhiteElo "2560"]
[BlackElo "2406"]
[PlyCount "140"]
[EventDate "2011.05.28"]
[EventType "swiss"]
[EventRounds "11"]
[EventCountry "IND"]
[SourceTitle "CBM 142 Extra"]
[Source "ChessBase"]
[SourceDate "2011.06.27"]
[SourceVersion "1"]
[SourceVersionDate "2011.06.27"]
[SourceQuality "1"]

1. c4 g6 2. Nc3 Bg7 3. d4 Nf6 4. e4 d6 5. f3 0-0 6. Be3 c5 7. Nge2 Nc6 8. d5 Ne5 9. Ng3 e6 10. Be2 exd5 11. cxd5 a6 12. a4 Rb8 13. 0-0 h5 14. Qd2 Qe8 15. h3 b5 16. axb5 axb5 17. f4 Ned7 18. Nxb5 Nxe4 19. Nxe4 Qxe4 20. Nxd6 Qxe3+ 21. Qxe3 Bd4 22. Qxd4 cxd4 23. Rab1 Nf6 24. f5 g5 25. Rfd1 Rb4 26. h4 g4 27. Rbc1 Bd7 28. Nc4 Re8 29. Bf1 Nxd5 30. Rxd4 Nb6 31. f6 Bf5 32. b3 Kh7 33. Rdd1 Re6 34. Nxb6 Rbxb6 35. Rc5 Bg6 36. Bd3 Rxf6 37. Rxh5+ Kg7 38. Rb5 Bxd3 39. Rxb6 Rxb6 40. Rxd3 Kg6 41. Kf2 Rb5 42. g3 Rb4 43. Ke2 f5 44. Kd2 f4 45. gxf4 Rxf4 46. Rd5 Rf3 47. b4 g3 48. Rg5+ Kh6 49. Kc2 Rf2+ 50. Kb3 g2 51. Ka4 Ra2+ 52. Kb5 Rb2 53. Ka5 Ra2+ 54. Kb5 Rb2 55. Ka4 Ra2+ 56. Kb3 Rf2 57. Ka3 Rf3+ 58. Ka4 Rf2 59. b5 Rf4+ 60. Ka5 Rf2 61. b6 Rf5+ 62. Rxf5 g1Q 63. Ka6 Qa1+ 64. Ra5 Qf1+ 65. Ka7 Qe1 66. Rc5 Qa1+ 67. Kb7 Qd4 68. Rc6+ Kh5 69. Kc8 Qh8+ 70. Kc7 Qc8+ 1/2-1/2

[Event "Bhubaneswar op 3rd"]
[Site "Bhubaneswar"]
[Date "2011.06.01"]
[Round "6"]
[White "Bakre, Tejas"]
[Black "Kamble, Vikramaditya"]
[Result "1-0"]
[WhiteElo "2518"]
[BlackElo "2406"]
[PlyCount "121"]
[EventDate "2011.05.28"]
[EventType "swiss"]
[EventRounds "11"]
[EventCountry "IND"]
[SourceTitle "CBM 142 Extra"]
[Source "ChessBase"]
[SourceDate "2011.06.27"]
[SourceVersion "1"]
[SourceVersionDate "2011.06.27"]
[SourceQuality "1"]

1. c4 e6 2. Nf3 d5 3. d4 c5 4. cxd5 exd5 5. g3 Nc6 6. Bg2 Nf6 7. 0-0 Be7 8. Nc3 0-0 9. dxc5 Bxc5 10. Na4 Bd6 11. Be3 Re8 12. Rc1 Qa5 13. a3 Bd7 14. Nc5 Rxe3 15. Nxd7 Rxf3 16. Bxf3 Nxd7 17. Bxd5 Qc7 18. b4 a6 19. Bxc6 bxc6 20. Qa4 c5 21. bxc5 Nxc5 22. Qc4 Bf8 23. Rfd1 Qa5 24. Rd5 Qxa3 25. Rxc5 Qxc5 26. Qxc5 Bxc5 27. Rxc5 a5 28. Kf1 Kf8 29. Ke1 Ke7 30. Kd2 Kd6 31. Rh5 h6 32. Kc3 a4 33. Rb5 a3 34. Rb1 Kd5 35. Ra1 a2 36. Kb3 Kd4 37. Rd1+ Ke4 38. Ra1 Ra5 39. Rxa2 Rb5+ 40. Kc2 Rb7 41. Kd2 Kf5 42. f3 Ke5 43. Ke3 Rb3+ 44. Kf2 Rb7 45. Ra6 Kd4 46. h4 Ke5 47. h5 Kf5 48. g4+ Ke5 49. Kg3 Re7 50. Rb6 Ra7 51. Kf2 Ra5 52. e3 Ra7 53. Kg3 Rc7 54. e4 Rc5 55. Rb7 Ke6 56. Kf4 Rc6 57. Rb8 g5+ 58. hxg6 fxg6 59. g5 h5 60. Rb7 Kd6 61. Rf7 1-0

[Event "Chennai op 3rd"]
[Site "Chennai"]
[Date "2011.01.19"]
[Round "2"]
[White "Danielsen, Henrik"]
[Black "Kamble, Vikramaditya"]
[Result "1-0"]
[WhiteElo "2519"]
[BlackElo "2367"]
[PlyCount "81"]
[EventDate "2011.01.18"]
[EventType "swiss"]
[EventRounds "11"]
[EventCountry "IND"]
[SourceTitle "CBM 140 Extra"]
[Source "ChessBase"]
[SourceDate "2011.03.01"]
[SourceVersion "1"]
[SourceVersionDate "2011.03.01"]
[SourceQuality "1"]

1. c4 g6 2. g3 Bg7 3. Bg2 e5 4. Nc3 Ne7 5. h4 h6 6. d3 c6 7. e4 d6 8. Nge2 0-0 9. Be3 Be6 10. Qd2 Kh7 11. h5 g5 12. f4 gxf4 13. gxf4 b5 14. cxb5 cxb5 15. d4 b4 16. Nd1 exd4 17. Bxd4 f6 18. f5 Bf7 19. Nf4 Nbc6 20. Ne3 Na5 21. b3 Nec6 22. Bb2 Nb7 23. Ne6 Bxe6 24. fxe6 Nc5 25. Bh3 Ne5 26. Bf5+ Kh8 27. Bxe5 fxe5 28. Nd5 Re8 29. e7 Rxe7 30. Nxe7 Qxe7 31. 0-0-0 Rd8 32. Rhg1 Ne6 33. Bxe6 Qxe6 34. Rg6 Rc8+ 35. Kb1 Qf7 36. Rdg1 Rg8 37. Rxh6+ Bxh6 38. Qxh6+ Qh7 39. Qf6+ Rg7 40. Rg6 Kg8 41. Qd8+ 1-0

[Event "IND-ch 48th"]
[Site "New Delhi"]
[Date "2010.12.10"]
[Round "2"]
[White "Rajesh, VAV"]
[Black "Kamble, Vikramaditya"]
[Result "0-1"]
[WhiteElo "2295"]
[BlackElo "2374"]
[PlyCount "72"]
[EventDate "2010.12.09"]
[EventType "swiss"]
[EventRounds "13"]
[EventCountry "IND"]
[SourceTitle "CBM 139 Extra"]
[Source "ChessBase"]
[SourceDate "2011.01.05"]
[SourceVersion "1"]
[SourceVersionDate "2011.01.05"]
[SourceQuality "1"]

1. d4 Nf6 2. Nf3 e6 3. c4 c5 4. Nc3 a6 5. Bg5 h6 6. Bxf6 gxf6 7. Rc1 b5 8. dxc5 Bxc5 9. cxb5 axb5 10. Nxb5 Qa5+ 11. Nc3 Qb6 12. Ne4 Bb4+ 13. Nfd2 Bb7 14. a3 Bxe4 15. Rc8+ Ke7 16. Rxh8 Ba5 17. Qc1 Ra7 18. b4 Rc7 19. Qd1 Na6 20. bxa5 Qb2 21. Nxe4 Rc1 22. e3 f5 23. Bxa6 Rxd1+ 24. Kxd1 Qxh8 25. Kc2 Qa8 26. Nc5 Qc6 27. Kb3 Qxc5 28. Rd1 Qxa5 29. Be2 Qb6+ 30. Ka2 Qc6 31. Rd2 Qxg2 32. Bb5 d5 33. a4 Qxh2 34. Rc2 Qb8 35. Kb3 h5 36. Kb4 Qd6+ 0-1

[Event "IND-ch 48th"]
[Site "New Delhi"]
[Date "2010.12.09"]
[Round "1"]
[White "Kamble, Vikramaditya"]
[Black "Kunte, Abhijit"]
[Result "0-1"]
[WhiteElo "2374"]
[BlackElo "2517"]
[PlyCount "56"]
[EventDate "2010.12.09"]
[EventType "swiss"]
[EventRounds "13"]
[EventCountry "IND"]
[SourceTitle "CBM 139 Extra"]
[Source "ChessBase"]
[SourceDate "2011.01.05"]
[SourceVersion "1"]
[SourceVersionDate "2011.01.05"]
[SourceQuality "1"]

1. Nf3 c5 2. c4 g6 3. e4 Bg7 4. h4 h5 5. Nc3 Nc6 6. d3 d6 7. Bg5 a6 8. Qd2 Rb8 9. Be2 Nf6 10. 0-0 Ng4 11. Rac1 Be6 12. Ne1 b5 13. f3 Nf6 14. f4 Nd4 15. Bd1 bxc4 16. f5 gxf5 17. exf5 Nxf5 18. dxc4 Ng4 19. Ba4+ Kf8 20. Rxf5 Bxf5 21. Nf3 f6 22. Bf4 e5 23. Rd1 exf4 24. Qxf4 Bg6 25. Rxd6 Qe7 26. Nd5 Qe4 27. Rxf6+ Bxf6 28. Qxb8+ Kg7 0-1

[Event "IND-chB 48th"]
[Site "Bhiwani"]
[Date "2010.09.18"]
[Round "4"]
[White "Konguvel, Ponnuswamy"]
[Black "Kamble, Vikramaditya"]
[Result "1-0"]
[WhiteElo "2416"]
[BlackElo "2354"]
[PlyCount "69"]
[EventDate "2010.09.16"]
[EventType "swiss"]
[EventRounds "13"]
[EventCountry "IND"]
[SourceTitle "CBM 138 Extra"]
[Source "ChessBase"]
[SourceDate "2010.10.29"]
[SourceVersion "1"]
[SourceVersionDate "2010.10.29"]
[SourceQuality "1"]

1. e4 e6 2. d4 d5 3. Nc3 Bb4 4. e5 c5 5. a3 Bxc3+ 6. bxc3 Qa5 7. Bd2 Qa4 8. Qb1 c4 9. Ne2 f6 10. Nf4 fxe5 11. dxe5 Nc6 12. Be2 Nxe5 13. Nxe6 Qd7 14. f4 Nc6 15. f5 Qe7 16. Bg5 Nf6 17. Bxf6 Qxf6 18. 0-0 Bxe6 19. fxe6 Qe7 20. Rf7 Qc5+ 21. Kh1 b5 22. Qe1 Rg8 23. Qh4 h6 24. Rd7 Rd8 25. Bh5+ g6 26. Qf6 Rxd7 27. Bxg6+ Rxg6 28. Qxg6+ Kd8 29. exd7 Kxd7 30. Qxh6 Qf2 31. Rd1 Ne7 32. Qd2 Qc5 33. Qd4 Qd6 34. a4 Kc6 35. Re1 1-0